[Event "Monteria op"]
[Site "Monteria"]
[Date "2011.11.13"]
[Round "6"]
[White "Maldonado, Hector"]
[Black "Franco Borre, David Antonio"]
[Result "1-0"]
[WhiteElo "1971"]
[BlackElo "1577"]
[PlyCount "35"]
[EventDate "2011.11.12"]
[EventType "swiss"]
[EventRounds "7"]
[EventCountry "COL"]
[SourceTitle "EXT 2012"]
[Source "ChessBase"]
[SourceDate "2011.11.24"]
[SourceVersion "1"]
[SourceVersionDate "2011.11.24"]
[SourceQuality "1"]

1. e4 Nc6 2. Bc4 Nf6 3. Nc3 h6 4. d4 d6 5. Bb5 Bg4 6. Nf3 g6 7. d5 Bd7 8. dxc6 bxc6 9. Bd3 d5 10. exd5 cxd5 11. 0-0 e6 12. Ne5 Ne4 13. Bxe4 dxe4 14. Nxd7 Qxd7 15. Qxd7+ Kxd7 16. Nxe4 Bd6 17. Be3 c6 18. Rad1 1-0